In quale città è successo? #9 - Statistics

Statistiche generali
  • Questo quiz è stato fatto 47 volte
  • Il punteggio medio è 12 su 20
Statistiche sulle risposte
Anno Evento Città % Corretto
9 a.C. L'imperatore Augusto fa inaugurare l'Ara Pacis, l'altare dedicato alla pace Roma
95%
1088 In questa città viene fondata la prima università al mondo Bologna
88%
1865 La città viene proclamata nuova capitale d'Italia Firenze
88%
1295 Marco Polo fa ritorno nella propria città natale, dopo aver viaggiato in Asia per 24 anni Venezia
86%
1989 Una serie di proteste di massa viene repressa nel sangue in questa capitale asiatica Pechino
81%
1242 Il casato degli Este si trasferisce in questa città, sui cui regnerà per tre secoli trasformandola in una delle più importanti città del Rinascimento italiano Ferrara
79%
1687 Isaac Newton enuncia la legge di gravitazione universale Londra
74%
1935 La Germania nazista emana qui le leggi razziali Norimberga
74%
237 a.C. Secondo gli storici antichi, il giovane Annibale giura odio eterno ai romani Cartagine
70%
2004 Una serie di attentati islamisti sconvolgono questa capitale: si tratta del più grave attacco a civili attuato nell'Unione Europea dalla fine della seconda guerra mondiale Madrid
70%
1945 Una sollevazione popolare porta alla liberazione dal carcere del futuro presidente Juan Domingo Peron Buenos Aires
65%
1808 Gioacchino Murat, nominato re da Napoleone, giunge nella sua nuova capitale Napoli
65%
1945 Questa città tedesca viene rasa al suolo in seguito a uno dei bombardamenti aerei più violenti della seconda guerra mondiale Dresda
60%
1628 Il galeone Vasa, tra i più famosi al mondo, affonda nel porto della città il giorno stesso del suo varo Stoccolma
40%
534 Viene completato il Corpus Iuris Civilis, fonte del diritto europeo per quasi 1300 anni Costantinopoli
37%
1917 Presso questa cittadina belga viene condotto per la prima volta un attacco con un gas tossico che dalla località prese poi il nome Yprès
30%
2023 I paesi BRICS invitano altre economie emergenti ad aderire al gruppo Johannesburg
19%
1431 Dopo essere stata accusata di eresia, Giovanna d'Arco viene arsa sul rogo Rouen
16%
1781 La resa della guarnigione inglese segna di fatto la vittoria dei ribelli nella guerra d'indipendenza americana Yorktown
12%
1886 Karl Benz inventa e inizia a produrre la prima autovettura della Storia Mannheim
9%
Nessun quiz corrispondente trovato
Distribuzione punteggi
Percentuale di utenti per punteggio
Percentile per numero di risposta
I tuoi punteggi nel tempo
Non hai fatto questo quiz